LEADER 01540nam 2200457 450 001 9910480062403321 005 20171227132904.0 035 $a(CKB)4100000001042732 035 $a(DLC) 2017043994 035 $a(MiAaPQ)EBC5178025 035 $a(EXLCZ)994100000001042732 100 $a20180105h20172017 uy 0 101 0 $aeng 135 $aur||||||||||| 181 $ctxt$2rdacontent 182 $cn$2rdamedia 183 $anc$2rdacarrier 200 00$aDevelopmental perspectives in written language and literacy $ein honor of Ludo Verhoeven /$fedited by Eliane Segers, Paul van den Broek 210 1$aAmsterdam, [The Netherlands] ;$aPhiladelphia, [Pennsylvania] :$cJohn Benjamins Publishing Company,$d2017. 210 4$dİ2017 215 $a1 online resource 311 $a90-272-1243-0 311 $a90-272-6515-1 320 $aIncludes bibliographical references and index. 606 $aApplied linguistics 606 $aLanguage acquisition$xStudy and teaching 606 $aWritten communication$xStudy and teaching 608 $aElectronic books. 615 0$aApplied linguistics. 615 0$aLanguage acquisition$xStudy and teaching. 615 0$aWritten communication$xStudy and teaching. 676 $a418 702 $aSegers$b Eliane 702 $aBroek$b Paul van den 801 0$bMiAaPQ 801 1$bMiAaPQ 801 2$bMiAaPQ 906 $aBOOK 912 $a9910480062403321 996 $aDevelopmental perspectives in written language and literacy$92260092 997 $aUNINA LEADER 00991nam a2200277 i 4500 001 991000817239707536 005 20020507173949.0 008 970310s1964 us ||| | eng 035 $ab10761317-39ule_inst 035 $aLE01302766$9ExL 040 $aDip.to Matematica$beng 082 0 $a515.352 084 $aAMS 34A 100 1 $aHochstadt, Harry$041411 245 10$aDifferential equations :$ba modern approach /$cHarry, Hochstadt 260 $aNew York :$bHolt, Rinehart and Winston,$cc1964 300 $aviii, 294 p. :$bdiagrs. ;$c24 cm 500 $aBibliography: p. 291-292 650 0$aDifferential equations 650 0$aOrdinary differential equations 907 $a.b10761317$b18-04-13$c28-06-02 912 $a991000817239707536 945 $aLE013 34A HOC11 (1964)$g1$i2013000078625$lle013$o-$pE0.00$q-$rl$s- $t0$u2$v0$w2$x0$y.i10856584$z28-06-02 996 $aDifferential equations$982389 997 $aUNISALENTO 998 $ale013$b01-01-97$cm$da $e-$feng$gus $h0$i1 LEADER 04618nam 22007455 450 001 9910678253203321 005 20251009082004.0 010 $a9783031235559$b(electronic bk.) 010 $z9783031235542 024 7 $a10.1007/978-3-031-23555-9 035 $a(PPN)28068472X 035 $a(MiAaPQ)EBC7206733 035 $a(Au-PeEL)EBL7206733 035 $a(CKB)26183521600041 035 $a(DE-He213)978-3-031-23555-9 035 $a(EXLCZ)9926183521600041 100 $a20230228d2023 u| 0 101 0 $aeng 135 $aurcnu|||||||| 181 $ctxt$2rdacontent 182 $cc$2rdamedia 183 $acr$2rdacarrier 200 10$aAfghanistan and the Vietnam Syndrome $eComparing US and Soviet Wars /$fby Deepak Tripathi 205 $a1st ed. 2023. 210 1$aCham :$cSpringer Nature Switzerland :$cImprint: Springer,$d2023. 215 $a1 online resource (190 pages) 300 $aIncludes index. 311 08$aPrint version: Tripathi, Deepak Afghanistan and the Vietnam Syndrome Cham : Springer,c2023 9783031235542 327 $aChapter 1. 9/11 Reprisal -- Chapter 2. Overreach -- Chapter 3. War On Terror -- Chapter 4. Afghan War -- Chapter 5. Iraq War -- Chapter 6. Arab Spring -- Chapter 7. Return to Kabul -- Chapter 8. Conclusion. 330 $aGreat powers have often found that military adventurism to force their will in distant lands comes with the risk of spending excessive military, economic, and moral capital to the extent that war is no longer sustainable. Written by a former BBC Afghanistan correspondent who set up the corporation?s bureau in Kabul in the early 1990s, this book draws both from scholarly knowledge as well as first-hand insights on how the Americans met that fate in Vietnam, and the Soviets and Americans in Afghanistan. America?s 1975 retreat from Vietnam was a consequential event, prompting US commentators to explain it as reluctance to get involved in foreign wars, a mindset described as the Vietnam Syndrome. As Deepak Tripathi points out, the Vietnam experience made the Americans determined to give the Soviets their own Vietnam. The 1979 Soviet invasion of Afghanistan, and retreat after a decade of occupation, represented the revenge America sought. However, President George W. Bush?s decision to invade Afghanistan after the 9/11 attacks was the beginning of a long military venture that ended in retreat in 2021. Addressing an academic as well as a general audience, Tripathi explores parallels between wars in Afghanistan and Vietnam, and shows how the United States and the Soviet Union met the same fate. "Anyone with an interest in world affairs should read Deepak Tripathi?s superb book Afghanistan and the Vietnam Syndrome." Richard Falk, Milbank Professor of International Law Emeritus, Princeton University, and Chair of Global Law, Queen Mary University of London "Combining the sharp judgments of an experienced foreign correspondent with the insights of the trained historian, Deepak Tripathi has produced an informed, insightful and wide-ranging study that helps us make sense of the challenges that both the Soviet Union and the United States encountered in Afghanistan's mountains and on Afghanistan's plains. No one will fail to benefit from reading it." William Maley, Emeritus Professor of Diplomacy, Australian National University. 606 $aPeace 606 $aAmerica$xPolitics and government 606 $aEurope$xPolitics and government 606 $aSecurity, International 606 $aTerrorism 606 $aPolitical violence 606 $aInternational relations 606 $aPeace and Conflict Studies 606 $aAmerican Politics 606 $aEuropean Politics 606 $aInternational Security Studies 606 $aTerrorism and Political Violence 606 $aForeign Policy 615 0$aPeace. 615 0$aAmerica$xPolitics and government. 615 0$aEurope$xPolitics and government. 615 0$aSecurity, International. 615 0$aTerrorism. 615 0$aPolitical violence. 615 0$aInternational relations. 615 14$aPeace and Conflict Studies. 615 24$aAmerican Politics. 615 24$aEuropean Politics. 615 24$aInternational Security Studies. 615 24$aTerrorism and Political Violence. 615 24$aForeign Policy. 676 $a958.1047 676 $a978.1045 700 $aTripathi$b Deepak$01345908 801 0$bMiAaPQ 801 1$bMiAaPQ 801 2$bMiAaPQ 912 $a9910678253203321 996 $aAfghanistan and the Vietnam Syndrome$93071692 997 $aUNINA